| 000 | 00751cad a22002055a 4500 | ||
|---|---|---|---|
| 001 | L159076 | ||
| 008 | 160112e2016 xxk 000 0 eng d | ||
| 035 | _a(Sirsi) u159076 | ||
| 041 | 0 | _aeng | |
| 110 | 2 |
_aUnited Kingdom _bEnvironment Agency _95159 |
|
| 245 | 0 | 0 | _aPrepare for a flood and get help during and after. |
| 260 | _c2016 | ||
| 520 | _aUpdated portal for advice on flood prevention measures including planning for a flood, improving flood protection and information on insurance. | ||
| 590 | _aKA | ||
| 651 | 4 | _aUnited Kingdom | |
| 690 |
_aInfrastructure _96246 |
||
| 690 |
_aEnvironment _96238 |
||
| 856 | 4 | 0 |
_uhttps://www.gov.uk/prepare-for-a-flood/find-out-if-youre-at-risk _zView the portal free of charge at www.gov.uk |
| 942 | _n0 | ||
| 999 |
_c84792 _d84792 |
||